000 01210nam a22002417a 4500
001 25070
003 DO-SdBNP
005 20171201071919.0
007 25070
008 171107b 1990 sp a ||||| |||| 00| 0 spa d
020 _a0944499678
040 _aBPMSU
_bspa
_cBPMU
092 _axxxx
_bxxxx
245 1 0 _aTodo lo que debe saber sobre arte y literatura /
_cDirección general, María Eloísa Alvarez del Real.
260 _aPanamá :
_bAmérica,
_c1990.
300 _a240 p. :
_bil. ;
_c20 cm.
504 _aBiografía : p. 4
505 _tPrimera parte: Breve introducción al arte y la literatura. Conceptos generales --
_tLos comienzos del arte --
_tEl milagro griego --
_tSegunda parte: Las formas del arte: La pintura. Conceptos generales --
_tEvolución de los estilos: del románico al gótico --
_tEvolución de los estilos: del renacimiento al barroco --
_tEvolución de los estilos, del neoclasicismo al impresionismo y las últimas tendencias del siglo XX --
_tEvolución de los estilos, vanguardias artísticas del siglo XX.
700 1 2 _aAlvarez del Real, María Eloísa
_cdir.
942 _2ddc
_cBK
945 _ainventariado extranjero /DG
956 _aLOPEREZ
_b10
_c20171107
_h0041
_iBPMSU
999 _c12769
_d12769